Summary records of meetings (Record no. 639343)

MARC details
000 -LEADER
fixed length control field 00768nam a2200241Ia 4500
003 - CONTROL NUMBER IDENTIFIER
control field OSt
005 - DATE AND TIME OF LATEST TRANSACTION
control field 20220926022408.0
008 - FIXED-LENGTH DATA ELEMENTS--GENERAL INFORMATION
fixed length control field 220923b |||||||| |||| 00| 0 eng d
037 ## - SOURCE OF ACQUISITION
Terms of availability General Book
040 ## - CATALOGING SOURCE
Original cataloging agency RTL
Transcribing agency RTL
Language of cataloging eng
041 ## - LANGUAGE CODE
Source of code eng
Language code of text/sound track or separate title eng
110 ## - MAIN ENTRY--CORPORATE NAME
Corporate name or jurisdiction name as entry element United Nations Economic and social council official records 6 seesion
9 (RLIN) 327733
245 #0 - TITLE STATEMENT
Title Summary records of meetings
260 ## - PUBLICATION, DISTRIBUTION, ETC.
Place of publication, distribution, etc. New York
Name of publisher, distributor, etc. United Nations U S A
Date of publication, distribution, etc. 1952
300 ## - PHYSICAL DESCRIPTION
Extent xlix,492p.
Dimensions cm.
650 ## - SUBJECT ADDED ENTRY--TOPICAL TERM
Topical term or geographic name entry element History
700 ## - ADDED ENTRY--PERSONAL NAME
Personal name United Nations Economic and social council official records 6 seesion
9 (RLIN) 327734
942 ## - ADDED ENTRY ELEMENTS (KOHA)
Classification part V1N45,936:8.N48, J2
Koha item type General Books
Source of classification or shelving scheme Colon Classification (CC)
Holdings
Withdrawn status Lost status Damaged status Not for loan Home library Current library Date acquired Total Checkouts Full call number Barcode Date last seen Price effective from Koha item type
        Ratan Tata Library Ratan Tata Library 2022-09-26   V1N45,936:8.N48 J2 RTC 000428 2022-09-26 2022-09-26 General Books
Copyright @ Delhi University Library System